| 000 | 01082nam a2200241Ia 4500 | ||
|---|---|---|---|
| 003 | Ost | ||
| 005 | 20260507075316.0 | ||
| 008 | 260507s9999||||xx |||||||||||||| ||und|| | ||
| 020 | _a40754016149 | ||
| 040 | _cfsecg | ||
| 041 | _aara | ||
| 082 | _a347.06 | ||
| 100 |
_aالجراح، علي أحمد _eمؤلف |
||
| 245 | 0 |
_aقواعد الاثبات بغير الكتابة في المواد المدنية و التجارية / _c علي أحمد الجراح |
|
| 260 |
_aبيروت: _bمنشورات الحلبي الحقوقية, _c2010 |
||
| 300 |
_a743 صفحة؛ _c25 سم |
||
| 504 | _aببليوغرافيا: ص.701 | ||
| 520 | _aالادلة المطلقة في الاثبات بغير الكتابة، الاقرار و استجواب الخصوم، اليمين، الادلة المطلقة في الاثبات بغير الكتابة، الشهادة، القرائن، المعاينة و الخبرة | ||
| 653 | _aالإثبات التجاري | ||
| 653 | _aالقانون التجاري | ||
| 653 | _aالقانون المدني | ||
| 942 | _cكتاب | ||
| 999 |
_c43895 _d43895 |
||